Normal view
MARC view
- Shehzad ,Iqra
Entry Personal Name
001 - CONTROL NUMBER
- control field: 121657
003 - CONTROL NUMBER IDENTIFIER
- control field: NUST
005 - DATE AND TIME OF LATEST TRANSACTION
- control field: 20240229104951.0
008 - FIXED-LENGTH DATA ELEMENTS
- fixed length control field: 240229|| aca||aabn | a|a d
040 ## - CATALOGING SOURCE
- Original cataloging agency: NUST
- Transcribing agency: NUST
100 ## - HEADING--PERSONAL NAME
- Personal name: Shehzad ,Iqra
670 ## - SOURCE DATA FOUND
- Source citation: Work cat.: (NUST): Shehzad ,Iqra , Phenolic Extract of Crithmum maritimum L. prevents Benzene induced leukemia in Balb/c mice /
